00722nam a22001937a 450000500170000001000150001702000260003203500140005803700090007208200080008110000300008924500670011926000430018627000810022930000200031094200220033099900190035295201570037120260521104155.0 aENG-148566 a9789383178278c250.00 aEN-132098 bDBAD a425 aAbhishek Davi John989180 aA Spark of English Grammer/c by Abhishek David John...[et.al] aChennaibMurankalari Padaippagamc2017 a34/25, Vedhachalam st. Gandhi Nagar, Chinna Sekkadu, ManalibChennaie600068 a99p. c21cm(pb) 2ddccENh425mABH c216326d216326 001040718NFICaDBADbDBADd2026-05-21eDelivery of Books Act Divisiong250.00l0o425 ABHpEN-132098r2026-05-21 10:42:16t 1v250.00w2026-05-21yEN